000 00408nam a2200157Ia 4500
008 230917s9999||||xx |||||||||||||| ||und||
040 _e95299
_aMAIN
041 _aEnglish
082 _a658.1511 M698M
100 _aMittal, S N
245 0 _aManagement accounting and financial management
250 _a3rd ed.
260 _aDelhi
_bShree Mahavir Book Depot
_c2000
300 _ax, 1231 p.
942 _cBK
999 _c114548
_d114548